Viendo y volviendo /

Enregistré dans:
Détails bibliographiques
Auteur principal: Santos, Francisco
Format: Inconnue
Langue:Spanish
Publié: San José, Costa Rica: Editorial Presbere, 1986.
Sujets:
Tags: Ajouter un tag
Pas de tags, Soyez le premier à ajouter un tag!

MARC

LEADER 000000000a22000000004500
001 000309
008 200116b xxu||||| |||| 00| 0 spa d
020 |a 9977940061 
041 0 |a español 
082 |a N861.4  |b S237v 
100 1 |a Santos, Francisco 
245 1 0 |a Viendo y volviendo /  |c Francisco Santos 
260 1 |a San José, Costa Rica:   |b Editorial Presbere,   |c 1986. 
300 |a 122 páginas 
650 4 |a LITERATURA NICARAGUENSE  |9 54 
650 4 |a POESIA  |9 159 
942 |2 ddc  |c BK 
999 |c 1122  |d 1122